Statistics for Kimi Raikkonen's F1 Career

Click here to take the quiz!

General Stats

  • This quiz has been taken 400 times
    (399 since last reset)
  • The average score is 14 of 19

Answer Stats

Answer% Correct
Ferrari
99%
Alfa Romeo
95%
McLaren
92%
Sebastian Vettel
91%
Fernando Alonso
88%
Lotus
88%
Antonio Giovinazzi
86%
Lewis Hamilton
86%
21
85%
Felipe Massa
85%
Sauber
84%
18
77%
Romain Grosjean
76%
David Coulthard
65%
Juan Pablo Montoya
56%
Giancarlo Fisichella
46%
Luca Badoer
38%
Nick Heidfeld
38%
Pedro de la Rosa
37%

Score Distribution

Percentile by Number Answered

Percent of People with Each Score

Your Score History

You have not taken this quiz since the last reset